Yugapurusha Mahavir Maharana Prathap (Record no. 1333)

MARC details
000 -LEADER
fixed length control field 00316nam a22001217a 4500
008 - FIXED-LENGTH DATA ELEMENTS--GENERAL INFORMATION
fixed length control field 260424b |||||||| |||| 00| 0 eng d
082 ## - DEWEY DECIMAL CLASSIFICATION NUMBER
Classification number 001188
100 ## - MAIN ENTRY--PERSONAL NAME
Personal name S, Gurumurthy
245 ## - TITLE STATEMENT
Title Yugapurusha Mahavir Maharana Prathap
260 ## - PUBLICATION, DISTRIBUTION, ETC.
Place of publication, distribution, etc. Bangalore
Name of publisher, distributor, etc. Shree Bhavatarini Prakashana
Date of publication, distribution, etc. 2020
300 ## - PHYSICAL DESCRIPTION
Extent 232p
942 ## - ADDED ENTRY ELEMENTS (KOHA)
Source of classification or shelving scheme Dewey Decimal Classification
Holdings
Withdrawn status Lost status Source of classification or shelving scheme Damaged status Not for loan Home library Current library Shelving location Date acquired Source of acquisition Inventory number Total Checkouts Full call number Barcode Date last seen Price effective from Koha item type
    Dewey Decimal Classification     Karnataka Samskrit University Library Karnataka Samskrit University Library General Stacks 04/24/2026 Shree Bhavatarini Prakashana 29   001188 001188 04/24/2026 04/24/2026 Books

Powered by Koha